000 00484nam a2200133 a 4500
008 120416s1964 ||||||||||||||||| || u
050 _aDA 554 Lon
100 _aLongford, Elizabeth H. P
245 1 0 _aVictoria R. I.
260 _aLondon
_bWeidenfeld & Nicholson
_c1964
300 _a635p. : ill.
350 _a0.00
995 _D0.00
_FCBU-MAIN LIBRARY (Kitwe)
_H1
_I0.00
_M1
_UAVAILABLE
_WJun 20, 2006
_ZAnnex Low-Usage Collection
999 _c61297
_d61297